00967nam a2200169 a 4500020002700000020003000027082001200057100001600069245002000085250001200105260003000117300001300147490002700160520052800187650001200715856007000727 a0582447534 (paperback) a9780582447530 (paperback) a530 CLI1 aPhilpot, G.10aPhysics 11-14 / a4th ed. a[S.l.] :bLongman,c2002. a167 p. ;1 aLongman science 11-14. a*Applications pages at the end of each section look at the way that science is applied to real life *Investigation ideas help pupils discuss and plan practical investigations *Research questions encourage pupils to extend their knowledge using a variety of resources *Synoptic questions are provided at the end of each section, allowing pupils to draw on knowledge from the whole section A FREE copy of the photocopiable Answer Book will be provided with all purchases of 15 or more copies of any Pupil's Book (Single ISBN) aphysics40uhttp://www.amazon.com/exec/obidos/ASIN/0582447534/chopaconline-20